000 00620cam a2200217u 4500
999 _c6338
_d6338
001 6460896
003 OSt
005 20190116175452.0
008 830608s1943 wiuac 000 0 eng
010 _a 44025565
040 _aDLC
_cCarP
_dDLC
050 0 0 _aBV3770
_b.F5
082 _a269.2
_bF529r
100 1 _aFischer, Harold Arthur. [from old catalog]
245 1 0 _aReviving revivals
260 _a[Sheboygan, Wis.,
_bThe Gospel print shop,
_c1943]
300 _a4 p.l., 5-140 p.
_billus. (ports.)
_c21 cm.
650 0 _aRevivals
_xHistory.
906 _a0
_bcbc
_cpremunv
_du
_encip
_f19
_gy-gencatlg
942 _2ddc
_cBK